| 000 | 00620nam a2200205 a 4500 | ||
|---|---|---|---|
| 005 | 20250618063843.0 | ||
| 008 | 991125s1940 mx 000 0 spa u | ||
| 035 | _aUPN01000045164 | ||
| 049 | _aCG | ||
| 050 | 4 |
_aGN560 M6 _bB3.6 |
|
| 100 | 1 | _aBasauri, Carlos | |
| 245 | 1 | 3 |
_aLa población indígena de México : _betnografía / _cpor Carlos Basauri. |
| 260 |
_aMéxico : _bSEP, _c1940. |
||
| 300 |
_a3 v. : _bfots., mapas |
||
| 500 | _a"Oficina Editora Popular" | ||
| 650 | 4 |
_aEtnología _zMéxico _96473 |
|
| 651 | 4 |
_aMéxico _xVida social y costumbres _95816 |
|
| 650 | 4 |
_aIndígenas de México _9457 |
|
| 905 | _aLibro | ||
| 999 |
_c45164 _d45164 |
||